Mastering Windows Vista home : Premium and basic

Kaydedildi:
Detaylı Bibliyografya
Yazar:  Hart-Davis, Guy
Materyal Türü: Sách
Dil:Undetermined
Baskı/Yayın Bilgisi:  Wiley Pub.  2007
Konular:
Etiketler: Etiketle
Etiket eklenmemiş, İlk siz ekleyin!
Thư viện lưu trữ: Trung tâm Thư viện - Trường Đại học Công nghiệp TP. Hồ Chí Minh
LEADER 00491nam a2200157Ia 4500
001 UIH_07437
008 231011s9999 xx 000 0 und d
082 |a  005.4 
100 |a  Hart-Davis, Guy 
245 0 |a  Mastering Windows Vista home : Premium and basic 
245 0 |c  Hart-Davis, Guy 
260 |b  Wiley Pub. 
260 |c  2007 
650 |a  Hệ điều hành;  
927 |a Sách 
980 |a Trung tâm Thư viện - Trường Đại học Công nghiệp TP. Hồ Chí Minh